| 000 | 00349 a2200145 4500 | ||
|---|---|---|---|
| 020 | _a84-401-0209-7 | ||
| 040 | _aULA-LD-MS | ||
| 082 |
_a72 _b72 |
||
| 100 |
_91173 _aALEXANDRE,Chritopher |
||
| 245 | _aFunȯ̂ da Arquitectura Moderna | ||
| 260 |
_aBrasil , _bBiblioteca salvat _c1979. |
||
| 300 | _a141p | ||
| 650 | _aArquitectura | ||
| 942 | _cLivros | ||
| 999 |
_c2346 _d2346 |
||